Dana Zátopková 100 /

Hlavní autor: Strusková, Olga, 1950-
Další autoři: Roháčková, Ivana, 1960-
Jazyk: Čeština
Vydáno: Praha : Euromedia Group, 2022
Vydání: Vydání první
Edice: Universum (Euromedia Group)
Témata:
Fyzický popis: 283 stran : ilustrace (převážně barevné), portréty, faksimile ; 21 cm
Knihy
Uloženo v:
LEADER 02733cam a2200697 i 4500
001 nkc20223427367
003 CZ PrNK
005 20221101161626.0
007 ta
008 220920s2022 xr ach e 000 0bcze d
015 |a cnb003427367 
020 |a 978-80-242-8311-1  |q (vázáno) 
035 |a (OCoLC)1354195972 
040 |a TUG001  |b cze  |d ULG001  |d BOA001  |d ABA001  |e rda 
043 |a e-xr---  |a e-cs--- 
045 |a x2y2 
072 7 |a 796  |x Sport. Hry. Tělesná cvičení  |2 Konspekt  |9 20 
072 7 |a 929  |x Biografie  |2 Konspekt  |9 8 
080 |a 796.433.2.071.2-055.2  |2 MRF 
080 |a 796.032.2.071.2-055.2  |2 MRF 
080 |a 796.42/.43  |2 MRF 
080 |a 929  |2 MRF 
080 |a (437.3)  |2 MRF 
080 |a (437)  |2 MRF 
080 |a (0:82-94)  |2 MRF 
100 1 |a Strusková, Olga,  |d 1950-  |7 jn20000402303  |4 aut 
245 1 0 |a Dana Zátopková 100 /  |c Olga Strusková, Ivana Roháčková 
246 1 8 |a Dana Zátopková 
250 |a Vydání první 
264 1 |a Praha :  |b Euromedia Group,  |c 2022 
300 |a 283 stran :  |b ilustrace (převážně barevné), portréty, faksimile ;  |c 21 cm 
336 |a text  |b txt  |2 rdacontent 
337 |a bez média  |b n  |2 rdamedia 
338 |a svazek  |b nc  |2 rdacarrier 
490 1 |a Universum 
500 |a "Vychází k nedožitým stým narozeninám" 
500 |a Podnázev v tiráži: vzpomínky přátel na pozoruhodný život naší legendární atletky 
500 |a Chronologický přehled 
504 |a Obsahuje bibliografii 
600 1 7 |a Zátopková, Dana,  |d 1922-2020  |7 jk01152199  |2 czenas 
648 4 |a 1922-2020 
648 7 |a 20.-21. století  |7 ch462155  |2 czenas 
650 0 7 |a oštěpařky  |7 ph568752  |z Česko  |y 20.-21. století  |2 czenas 
650 0 7 |a olympioničky  |7 ph448238  |z Česko  |y 20.-21. století  |2 czenas 
650 0 7 |a oštěpařky  |7 ph568752  |x přátelé a spolupracovníci  |2 czenas 
650 0 7 |a atletika  |7 ph114091  |z Československo  |2 czenas 
650 0 9 |a women javelin throwers  |z Czechia  |y 20th-21st centuries  |2 eczenas 
650 0 9 |a Olympic sportswomen  |z Czechia  |y 20th-21st centuries  |2 eczenas 
650 0 9 |a women javelin throwers  |x friends and associates  |2 eczenas 
650 0 9 |a athletics  |z Czechoslovakia  |2 eczenas 
655 7 |a vzpomínky  |7 fd133830  |2 czenas 
655 9 |a reminiscences  |2 eczenas 
700 1 |a Roháčková, Ivana,  |d 1960-  |7 mzk2008479540  |4 aut 
830 0 |a Universum (Euromedia Group)  |0 s 
910 2 |a BOA001  |b 2-1493.573 
920 |a 016020003897086  |z ULG001 
990 |a BK 
995 |a 01 
991 |b 202210  |c NOV 
996 6 |b 2610917125  |c 2-1493.573  |l MZK  |r Sklad / do 1 hodiny  |n 1  |p p.v.  |w 001901994  |u 000010  |a 1  |e BOA001  |j MZK50  |s P 
996 7 |b 2610919642  |c 2-1493.573  |l MZK  |r Sklad / do 1 hodiny  |n 5  |p kup  |w 001901994  |u 000020  |a 1  |e BOA001  |j MZK50  |s A